Statistics for Name the Category #2

Click here to take the quiz!

General Stats

  • This quiz has been taken 88 times
    (39 since last reset)
  • The average score is 10 of 20

Answer Stats

MembersGroup% Correct
GrouperFish Species
85%
George LazenbyActors Who Have Played James Bond
82%
Leicester CityPremier League Clubs
79%
La SantePrisons
79%
PanamaHats
76%
BobHairstyles
64%
ChihuahuaMexican States
61%
AldiGrocery Stores
55%
Dido and AeneasOperas
55%
Kareem Abdul-JabbarLos Angeles Lakers
48%
JetsNew York Sports Teams
48%
CruzeChevrolet Models
36%
HothPlanets in Star Wars
36%
AshWoods
36%
Secretary of DefenseU.S. Cabinet Positions
33%
RivieraLas Vegas Casinos
30%
The GeneralSilent Films
30%
Pizza PlanetFictional Companies
27%
Liu KangMortal Kombat Characters
27%
Ol' Dirty BastardWu-Tang Clan Members
21%

Score Distribution

Percentile by Number Answered

Percent of People with Each Score

Your Score History

You have not taken this quiz since the last reset